एक अध्यापक के नोट्स / (Record no. 10620)

MARC details
000 -LEADER
fixed length control field 01318 a2200241 4500
005 - DATE AND TIME OF LATEST TRANSACTION
control field 20080828105857.0
008 - FIXED-LENGTH DATA ELEMENTS--GENERAL INFORMATION
fixed length control field 080828t xxu||||| |||| 00| 0 hin d
010 ## - LIBRARY OF CONGRESS CONTROL NUMBER
LC control number HIN-82557
020 ## - INTERNATIONAL STANDARD BOOK NUMBER
International Standard Book Number 8190156179
Terms of availability 200.00
035 ## - SYSTEM CONTROL NUMBER
System control number HN-54903
037 ## - SOURCE OF ACQUISITION
Source of stock number/acquisition पु.प्र.अ.प्र/प्रका
082 ## - DEWEY DECIMAL CLASSIFICATION NUMBER
Classification number 371.102
100 ## - MAIN ENTRY--PERSONAL NAME
Personal name होल्ट, जॉन
245 ## - TITLE STATEMENT
Title एक अध्यापक के नोट्स /
Statement of responsibility, etc जॉन होल्ट ; निर्मला जोशी द्वारा अनुदित
246 ## - VARYING FORM OF TITLE
Title proper/short title Ek adhyapak ke notes
Remainder of title by John Holt
260 ## - PUBLICATION, DISTRIBUTION, ETC. (IMPRINT)
Place of publication, distribution, etc दिल्ली
Name of publisher, distributor, etc प्रेमनाथ एण्ड सन्स
Date of publication, distribution, etc 2007
270 ## - ADDRESS
Address 30/35-36,द्वितीय तल,गली नं9,विश्वास नगर,शाहदरा
City दिल्ली
Postal code 110032
300 ## - PHYSICAL DESCRIPTION
Extent 152पृ
Dimensions 22 सेमी (सजिल्द)
490 ## - SERIES STATEMENT
Series statement शिक्षण के विविध आयाम
700 ## - ADDED ENTRY--PERSONAL NAME
Personal name जोशी, निर्मला
942 ## - ADDED ENTRY ELEMENTS (KOHA)
Institution code [OBSOLETE] dpl
Koha item type Hindi Books
Call number prefix 371.102 / होल्टजॉ
Source of classification or shelving scheme Dewey Decimal Classification
Classification part 371.102
Call number suffix होल्टजॉ
Holdings
Withdrawn status Lost status Damaged status Not for loan Home library Current library Date acquired Cost, normal purchase price Total Checkouts Full call number Barcode Date last seen Copy number Uniform Resource Identifier Cost, replacement price Price effective from Koha item type
        D.B.Act.Division D.B.Act.Division   200.00   371.102 होल्टजॉ HN-54903 15/09/2008 1 11697 200.00 15/09/2008 Hindi Books

© Delhi Public Library
Hit Counter
free hit counter